[Event "1st GRENKE Chess Classic"]
[Site "Baden-Baden GER"]
[Date "2013.02.09"]
[Round "3.3"]
[White "Caruana, F."]
[Black "Naiditsch, A."]
[Result "1-0"]
[WhiteElo "2757"]
[BlackElo "2716"]
[PlyCount "75"]
[EventDate "2013.02.07"]
[SourceDate "1999.07.01"]

1. e4 c5 2. Nf3 d6 3. d4 cxd4 4. Nxd4 Nf6 5. Nc3 a6 6. Be3 e5 7. Nb3 Be7 8. Qd2
Ng4 9. g3 O-O 10. O-O-O a5 11. Kb1 a4 12. Nc1 a3 13. b3 Nxe3 14. Qxe3 Bg5 15.
f4 Bh6 16. Nd3 Nc6 17. h4 Nd4 18. Nb4 Bg4 19. Rd2 Rc8 20. Nbd5 f5 21. Bc4 Kh8
22. Rxd4 exd4 23. Qxd4 Bf3 24. Re1 fxe4 25. Nb5 Rc6 26. c3 Qd7 27. Nxa3 Qh3 28.
Rg1 Qh2 29. Nb5 Ra8 30. a3 e3 31. Re1 e2 32. Qe3 Qg2 33. Nd4 Rxc4 34. bxc4 Bh5
35. Nxe2 Re8 36. Ne7 g5 37. fxg5 Bf8 38. Nf4 1-0

[Event "Moscow Open A 2013"]
[Site "Moscow RUS"]
[Date "2013.02.06"]
[Round "5.3"]
[White "Gopal, G."]
[Black "Nepomniachtchi, I."]
[Result "0-1"]
[WhiteElo "2545"]
[BlackElo "2703"]
[PlyCount "106"]
[EventDate "2013.02.02"]
[SourceDate "1999.07.01"]

1. e4 c5 2. Nf3 d6 3. d4 cxd4 4. Nxd4 Nf6 5. Nc3 a6 6. Be3 e5 7. Nf3 Be7 8. Bc4
O-O 9. O-O Nc6 10. Bg5 Nd7 11. Be3 Na5 12. Bb3 Nf6 13. Bg5 Nd7 14. Qd2 Bxg5 15.
Nxg5 Nb6 16. Bxf7+ Rxf7 17. Nxf7 Kxf7 18. f4 Kg8 19. f5 Nac4 20. Qe2 Qg5 21.
Nd5 Kh8 22. Nxb6 Nxb6 23. Rad1 Bd7 24. c4 Qe7 25. Qf2 Na4 26. Qd2 Bc6 27. b3
Nc5 28. Qxd6 Qxd6 29. Rxd6 Kg8 30. f6 Nxe4 31. f7+ Kf8 32. Re6 Rd8 33. Rxe5 Rd2
34. Re1 Nc3 35. R1e3 Rxg2+ 36. Kf1 Rc2 37. Rf5 Be4 38. Rf4 Rc1+ 39. Re1 Bd3+
40. Kf2 Rxe1 41. Kxe1 Nxa2 42. Rd4 Bf5 43. Kd2 Nb4 44. Rd6 Nc6 45. b4 Kxf7 46.
Kc3 Ke7 47. Rd2 Be6 48. b5 axb5 49. cxb5 Ne5 50. Kb4 b6 51. Kc3 Nf7 52. Kb4 Nd6
53. Re2 g5 0-1

[Event "Moscow Open F 2013"]
[Site "Moscow RUS"]
[Date "2013.02.07"]
[Round "6.3"]
[White "Eliseev, U."]
[Black "Sethuraman, S."]
[Result "1-0"]
[WhiteElo "2525"]
[BlackElo "2538"]
[PlyCount "61"]
[EventDate "2013.02.02"]
[SourceDate "1999.07.01"]

1. e4 c5 2. Nf3 d6 3. d4 cxd4 4. Nxd4 Nf6 5. Nc3 a6 6. Be3 e6 7. f3 b5 8. Qd2
Nbd7 9. g4 h6 10. O-O-O b4 11. Nce2 Qc7 12. h4 d5 13. Bf4 e5 14. Bh2 dxe4 15.
g5 hxg5 16. hxg5 Rxh2 17. Rxh2 exd4 18. Rh8 Nd5 19. Qxd4 N7b6 20. fxe4 Nf4 21.
Nxf4 Qxf4+ 22. Kb1 Bg4 23. Qxb6 Bxd1 24. Qc6+ Ke7 25. Qxa8 Qxf1 26. Qxf8+ Ke6
27. Qe8+ Kd6 28. Qd8+ Kc6 29. Qd5+ Kc7 30. Qc5+ Kb7 31. Qe7+ 1-0

[Event "35th Georgi Tringov Open"]
[Site "Plovdiv BUL"]
[Date "2013.02.07"]
[Round "6.3"]
[White "Dvirnyy, D."]
[Black "Petkov, V."]
[Result "1/2-1/2"]
[WhiteElo "2536"]
[BlackElo "2559"]
[PlyCount "83"]
[EventDate "2013.02.03"]
[SourceDate "1999.07.01"]

1. e4 c5 2. Nf3 d6 3. d4 cxd4 4. Nxd4 Nf6 5. Nc3 a6 6. Bg5 Nbd7 7. Qe2 h6 8.
Bh4 e6 9. O-O-O Be7 10. f4 Qc7 11. g3 Nb6 12. Bg2 Qc4 13. Rd3 e5 14. Nf5 Bxf5
15. exf5 O-O 16. Bxf6 Bxf6 17. b3 Qb4 18. Ne4 Nd7 19. c3 Qa3+ 20. Qb2 Qxb2+ 21.
Kxb2 Be7 22. Nxd6 Nc5 23. Rd5 exf4 24. Rxc5 Bxd6 25. Rd5 Rfe8 26. Rd2 Be5 27.
Bxb7 Ra7 28. Bd5 fxg3 29. hxg3 Bf6 30. Rhd1 h5 31. Bc4 Ree7 32. Re2 a5 33. Kc2
Rac7 34. Rh2 Re3 35. Rd3 Rxd3 36. Kxd3 Rd7+ 37. Kc2 Re7 38. Re2 Rc7 39. Re4 Kh7
40. b4 a4 41. b5 Kh6 42. b6 1/2-1/2

[Event "11th Gibraltar Masters"]
[Site "Caleta ENG"]
[Date "2013.01.30"]
[Round "9.6"]
[White "Sandipan, C."]
[Black "Shirov, A."]
[Result "1-0"]
[WhiteElo "2590"]
[BlackElo "2708"]
[PlyCount "121"]
[EventDate "2013.01.22"]
[SourceDate "1999.07.01"]

1. e4 c5 2. Nf3 d6 3. d4 cxd4 4. Nxd4 Nf6 5. Nc3 a6 6. Be3 e6 7. f3 b5 8. Qd2
Nbd7 9. g4 h6 10. O-O-O b4 11. Na4 Qa5 12. b3 Bb7 13. a3 Qc7 14. axb4 d5 15. b5
dxe4 16. bxa6 Bxa6 17. Nb5 Qb7 18. Nd6+ Bxd6 19. Qxd6 Bxf1 20. Rhxf1 exf3 21.
Bc5 Nxc5 22. Nxc5 Qa7 23. Qc6+ Ke7 24. Qd6+ Ke8 25. Na4 Qb7 26. Nb6 Rb8 27. Nc4
Rc8 28. Qd4 Ke7 29. Nd6 Qc6 30. Nxc8+ Rxc8 31. c4 Ne4 32. Rxf3 Nc5 33. Re3 Qb6
34. Kc2 Ra8 35. Red3 Ra2+ 36. Kb1 Rxh2 37. Qg1 Rb2+ 38. Kxb2 Nxd3+ 39. Kc2 Nb4+
40. Kb1 Qa5 41. Qh2 Qb6 42. Qd2 Nc6 43. Qd6+ Ke8 44. Kb2 g6 45. Rd2 Qb7 46. Qc5
Ne7 47. Qe5 Nc6 48. Qh8+ Ke7 49. Qxh6 Qb4 50. Qg5+ f6 51. Qh6 Ne5 52. Qg7+ Nf7
53. Rf2 f5 54. g5 Qe1 55. Qf6+ Ke8 56. Rh2 Qe4 57. c5 Qd5 58. Qc3 Qc6 59. Rd2
Nxg5 60. Qh8+ Kf7 61. Qd8 1-0

[Event "11th Gibraltar Masters"]
[Site "Caleta ENG"]
[Date "2013.01.31"]
[Round "10.7"]
[White "Felgaer, R."]
[Black "Wojtaszek, R."]
[Result "1/2-1/2"]
[WhiteElo "2557"]
[BlackElo "2723"]
[PlyCount "63"]
[EventDate "2013.01.22"]
[SourceDate "1999.07.01"]

1. e4 c5 2. Nf3 d6 3. d4 cxd4 4. Nxd4 Nf6 5. Nc3 a6 6. Be2 e5 7. Nb3 Be7 8. Bg5
O-O 9. Bxf6 Bxf6 10. O-O Be6 11. Nd5 Bg5 12. a4 Nd7 13. a5 Rc8 14. c3 g6 15.
Ra4 Bxd5 16. Qxd5 Nf6 17. Qd3 Qd7 18. Rb4 Rfd8 19. Rd1 h5 20. Qg3 Bf4 21. Qf3
h4 22. g3 Bg5 23. Nd2 Kg7 24. Nc4 Qe7 25. Nb6 Rc5 26. Ra4 Qe6 27. Bc4 Qh3 28.
Bf1 Qe6 29. b4 Rc6 30. c4 Rh8 31. Ra3 hxg3 32. hxg3 1/2-1/2

[Event "11th Gibraltar Masters"]
[Site "Caleta ENG"]
[Date "2013.01.31"]
[Round "10.12"]
[White "Shirov, A."]
[Black "Al Sayed, Mohamad"]
[Result "1-0"]
[WhiteElo "2708"]
[BlackElo "2507"]
[PlyCount "63"]
[EventDate "2013.01.22"]
[SourceDate "1999.07.01"]

1. e4 c5 2. Nf3 d6 3. d4 cxd4 4. Nxd4 Nf6 5. Nc3 a6 6. h3 e6 7. g4 Nfd7 8. Be3
b5 9. a3 Bb7 10. g5 Nb6 11. Qg4 N8d7 12. O-O-O g6 13. h4 Rc8 14. h5 Ne5 15. Qh3
Rxc3 16. bxc3 Bxe4 17. hxg6 Bxg6 18. f4 Nd5 19. Nxe6 Qa5 20. Rxd5 Qxc3 21. Nc7+
Kd8 22. f5 Bxf5 23. Qxf5 Qxe3+ 24. Kd1 Kxc7 25. Rh3 Qg1 26. Rc3+ Kb6 27. Rc8
Nc4 28. Kc1 Bg7 29. Rxc4 Qe3+ 30. Kd1 Re8 31. Rxd6+ Ka5 32. Ra4+ 1-0

[Event "11th Gibraltar Masters"]
[Site "Caleta ENG"]
[Date "2013.01.31"]
[Round "10.13"]
[White "Sutovsky, E."]
[Black "Ju Wenjun"]
[Result "1-0"]
[WhiteElo "2684"]
[BlackElo "2505"]
[PlyCount "152"]
[EventDate "2013.01.22"]
[SourceDate "1999.07.01"]

1. e4 c5 2. Nf3 d6 3. d4 cxd4 4. Nxd4 Nf6 5. Nc3 a6 6. Be3 Ng4 7. Bg5 h6 8. Bh4
g5 9. Bg3 Bg7 10. h3 Nf6 11. Qf3 Qb6 12. O-O-O Nc6 13. Nxc6 Qxc6 14. Be2 Qc5
15. Rhe1 Be6 16. e5 dxe5 17. Bd3 Nd7 18. Bf5 Bxf5 19. Qxf5 Qc6 20. Ne4 Qe6 21.
Qxe6 fxe6 22. Re3 Rc8 23. Rb3 Rc7 24. Rdd3 Bf6 25. f3 Kd8 26. Be1 Kc8 27. Ba5
Rc6 28. Rbc3 Nb8 29. Bb6 Rxc3 30. Rxc3+ Nc6 31. a3 h5 32. g4 hxg4 33. fxg4 Kd7
34. Nc5+ Kc8 35. Ne4 Kd7 36. b4 Ke8 37. Rd3 Kf7 38. c3 Nb8 39. Kb2 Rc8 40. Kb3
Ke8 41. a4 Nd7 42. Be3 b5 43. Bc5 Rd8 44. axb5 axb5 45. Be3 Rc8 46. Rd1 Rc4 47.
Nd2 Rc8 48. Ra1 e4 49. Nxe4 Be5 50. Bc5 Bf4 51. Ra6 Kf7 52. Ra7 Nxc5+ 53. bxc5
Rh8 54. c6 Rc8 55. Ra6 e5 56. Kb4 Ke6 57. c4 bxc4 58. Kxc4 Be3 59. Nc3 Bg1 60.
Ne4 Be3 61. Nc3 Bg1 62. Kd3 Bh2 63. c7+ Kd7 64. Nd5 Bg1 65. Rg6 e6 66. Rg7+ Kd6
67. Nf6 Bb6 68. Ne4+ Kd5 69. Rd7+ Kc6 70. Rd6+ Kxc7 71. Rxe6 Rd8+ 72. Ke2 Bd4
73. Nxg5 Kd7 74. Rg6 Ra8 75. Kd3 Ke7 76. Ne6 Bb2 1-0

[Event "Moscow Open F 2013"]
[Site "Moscow RUS"]
[Date "2013.02.03"]
[Round "2.1"]
[White "Reshetnikov, Al"]
[Black "Sethuraman, S."]
[Result "1-0"]
[WhiteElo "2508"]
[BlackElo "2538"]
[PlyCount "85"]
[EventDate "2013.02.02"]
[SourceDate "1999.07.01"]

1. e4 c5 2. Nf3 d6 3. d4 cxd4 4. Nxd4 Nf6 5. Nc3 a6 6. Be3 e6 7. f3 Be7 8. Qd2
Nc6 9. g4 O-O 10. O-O-O Nxd4 11. Bxd4 b5 12. g5 Nd7 13. h4 b4 14. Na4 Bb7 15.
Qxb4 Bc6 16. Qc4 Bb5 17. Qb3 Rb8 18. Bxb5 axb5 19. Nc3 Qa5 20. a3 Nc5 21. Qb4
Qc7 22. Na2 Rfc8 23. Qc3 Qb7 24. Qe1 b4 25. Nxb4 d5 26. Kb1 Na6 27. c3 Nc7 28.
Be5 Ra8 29. Bxc7 Qxc7 30. Qe2 Qe5 31. Qh2 Qxh2 32. Rxh2 dxe4 33. fxe4 f6 34.
Rd7 Kf8 35. gxf6 Bxf6 36. Kc2 Ra5 37. Nd3 Ke8 38. Rb7 Rh5 39. a4 Rc4 40. e5 Be7
41. b4 g5 42. a5 Kd8 43. Rd2 1-0

[Event "Bundesliga 2012-13"]
[Site "Berlin GER"]
[Date "2013.02.03"]
[Round "8"]
[White "Howell, D."]
[Black "Kraemer, Mart"]
[Result "0-1"]
[WhiteElo "2634"]
[BlackElo "2520"]
[PlyCount "82"]
[EventDate "2012.10.20"]
[EventType "team"]
[SourceDate "1999.07.01"]
[WhiteTeam "SG Trier"]
[BlackTeam "SF Berlin 1903"]

1. e4 c5 2. Nf3 d6 3. d4 cxd4 4. Nxd4 Nf6 5. Nc3 a6 6. h3 e6 7. g4 d5 8. exd5
Nxd5 9. Nde2 Bb4 10. Bg2 O-O 11. O-O Nxc3 12. Nxc3 Qc7 13. Qd4 Nc6 14. Qc4 Rd8
15. Be3 Bd7 16. Qb3 Ba5 17. Na4 Rab8 18. Nc5 Be8 19. Rfd1 h6 20. c3 Qc8 21. Ne4
Bc7 22. Rxd8 Qxd8 23. Rd1 Qc8 24. Bb6 Na5 25. Bxa5 Bxa5 26. Nd6 Qd7 27. c4 Qe7
28. c5 Bc7 29. Nxb7 Be5 30. Qb6 Bb5 31. b4 Bc7 32. Qa7 f5 33. Re1 fxg4 34. hxg4
Bf4 35. Qb6 Qh4 36. Qxe6+ Kh8 37. Re2 Bh2+ 38. Kf1 Rf8 39. f3 Qg3 40. Qe4 Rf4
41. Qd5 Rxb4 0-1

[Event "75th Tata Steel GpA"]
[Site "Wijk aan Zee NED"]
[Date "2013.01.22"]
[Round "9.3"]
[White "Leko, P."]
[Black "Anand, V."]
[Result "1/2-1/2"]
[WhiteElo "2735"]
[BlackElo "2772"]
[PlyCount "49"]
[EventDate "2013.01.12"]
[SourceDate "1999.07.01"]

1. e4 c5 2. Nf3 d6 3. d4 cxd4 4. Nxd4 Nf6 5. Nc3 a6 6. Be3 Ng4 7. Bc1 Nf6 8. f3
e5 9. Nb3 Be6 10. Be3 Be7 11. Qd2 O-O 12. O-O-O Nbd7 13. g4 b5 14. Rg1 Nb6 15.
Na5 Rc8 16. g5 Nh5 17. Kb1 Nf4 18. a3 Qc7 19. Bxf4 exf4 20. Nd5 Bxd5 21. exd5
Qc5 22. Rg4 Rfe8 23. h4 Bf8 24. Rxf4 Nxd5 25. Nb3 1/2-1/2

[Event "75th Tata Steel GpA"]
[Site "Wijk aan Zee NED"]
[Date "2013.01.25"]
[Round "11.3"]
[White "Hou Yifan"]
[Black "Anand, V."]
[Result "1/2-1/2"]
[WhiteElo "2603"]
[BlackElo "2772"]
[PlyCount "104"]
[EventDate "2013.01.12"]
[SourceDate "1999.07.01"]

1. e4 c5 2. Nf3 d6 3. d4 cxd4 4. Nxd4 Nf6 5. Nc3 a6 6. Bg5 Nbd7 7. Qe2 h6 8.
Bh4 g6 9. f4 e5 10. fxe5 dxe5 11. O-O-O Be7 12. Nf3 Qc7 13. Qc4 Qb8 14. Nd5 b5
15. Qc6 Nxd5 16. Rxd5 Qb7 17. Qc3 f6 18. Bf2 Nb6 19. Rd1 Na4 20. Qb3 Qc6 21.
Qd5 Qxd5 22. exd5 Bc5 23. Bg3 Nb6 24. Bd3 Bf5 25. Bxf5 gxf5 26. Rhf1 O-O-O 27.
Bf2 Bxf2 28. Rxf2 Rxd5 29. g3 Rxd1+ 30. Kxd1 Nd5 31. Nh4 f4 32. Rd2 Ne3+ 33.
Ke2 Nc4 34. Rd1 fxg3 35. b3 Rd8 36. Rxd8+ Kxd8 37. hxg3 Nd6 38. Kd3 b4 39. c4
bxc3 40. Kxc3 Kd7 41. Kd3 Ke6 42. b4 Nf5 43. Nxf5 Kxf5 44. a4 Ke6 45. g4 Kd5
46. Kc3 Ke4 47. Kc2 Kd4 48. Kb3 e4 49. b5 axb5 50. axb5 e3 51. Kc2 Ke4 52. Kd1
Kd5 1/2-1/2

[Event "75th Tata Steel GpA"]
[Site "Wijk aan Zee NED"]
[Date "2013.01.26"]
[Round "12.5"]
[White "Anand, V."]
[Black "L'Ami, E."]
[Result "1-0"]
[WhiteElo "2772"]
[BlackElo "2627"]
[PlyCount "107"]
[EventDate "2013.01.12"]
[SourceDate "1999.07.01"]

1. e4 c5 2. Nf3 d6 3. d4 cxd4 4. Nxd4 Nf6 5. Nc3 a6 6. Be3 e5 7. Nb3 Be6 8. h3
Be7 9. Qf3 O-O 10. O-O-O Qc7 11. g4 Rc8 12. Kb1 a5 13. a3 a4 14. Nc1 b5 15.
N1a2 Bxa2+ 16. Nxa2 Qxc2+ 17. Ka1 Nc6 18. Rc1 Qxe4 19. Qxe4 Nxe4 20. Bxb5 Nc5
21. Bxc5 dxc5 22. Rc4 Na5 23. Rxa4 Rcb8 24. Bc4 e4 25. Bd5 Bf6 26. Nc3 Ra6 27.
Rc1 c4 28. Ka2 Nb3 29. Rc2 Nc1+ 30. Kb1 Rxa4 31. Nxa4 Nd3 32. Bxc4 h5 33. Bxd3
exd3 34. Rd2 hxg4 35. hxg4 Re8 36. Rxd3 Re4 37. Nc3 Rxg4 38. b4 g5 39. Nd5 Be5
40. Kc2 Kf8 41. a4 Rc4+ 42. Kb3 Rd4 43. Rxd4 Bxd4 44. f3 f5 45. Kc4 Bf2 46. Kd3
g4 47. Ke2 Bd4 48. Ne3 g3 49. f4 Kf7 50. Kf3 Ke6 51. b5 Bb6 52. Nc4 Bc5 53. a5
Bd4 54. a6 1-0

[Event "11th Gibraltar Masters"]
[Site "Caleta ENG"]
[Date "2013.01.25"]
[Round "4.11"]
[White "Sutovsky, E."]
[Black "Al Sayed, Mohamad"]
[Result "0-1"]
[WhiteElo "2684"]
[BlackElo "2507"]
[PlyCount "86"]
[EventDate "2013.01.22"]
[SourceDate "1999.07.01"]

1. e4 c5 2. Nf3 d6 3. d4 cxd4 4. Nxd4 Nf6 5. Nc3 a6 6. Be3 Nbd7 7. f4 Qc7 8.
Be2 b5 9. a4 b4 10. Nd5 Nxd5 11. exd5 Bb7 12. Nc6 Bxc6 13. dxc6 Nf6 14. f5 e5
15. fxe6 fxe6 16. Bg4 Qxc6 17. Bxe6 d5 18. Bf5 Bd6 19. Qd3 O-O 20. O-O-O b3 21.
Bd4 Rab8 22. Kb1 Qxa4 23. cxb3 Rxb3 24. Qe2 Re8 25. Be6+ Kh8 26. Rhf1 Reb8 27.
Qc2 Ba3 28. Kc1 Qxd4 29. Rxd4 Bxb2+ 30. Kd1 Bxd4 31. Bf5 a5 32. Rf3 Be3 33. Qc7
d4 34. Rg3 R3b7 35. Qxa5 Rb2 36. Qc7 Bh6 37. Bc2 Ra8 38. Rb3 Rxb3 39. Bxb3 d3
40. Qe5 Rc8 41. Ke1 Re8 42. Be6 d2+ 43. Ke2 Nd7 0-1

[Event "11th Gibraltar Masters"]
[Site "Caleta ENG"]
[Date "2013.01.26"]
[Round "5.7"]
[White "Yu Yangyi"]
[Black "Gordon, S."]
[Result "1-0"]
[WhiteElo "2688"]
[BlackElo "2533"]
[PlyCount "109"]
[EventDate "2013.01.22"]
[SourceDate "1999.07.01"]

1. e4 c5 2. Nf3 d6 3. d4 cxd4 4. Nxd4 Nf6 5. Nc3 a6 6. Bg5 Nbd7 7. Qe2 g6 8.
O-O-O e5 9. Nb3 h6 10. Be3 b5 11. f3 Bb7 12. a3 Rc8 13. Qd2 Qc7 14. Kb1 Bc6 15.
Bd3 Nb6 16. Na5 Ba8 17. Bxb5+ axb5 18. Nxb5 Qb8 19. Nxd6+ Bxd6 20. Qxd6 Na4 21.
Qb4 Qxb4 22. axb4 Rb8 23. Bd2 Nd7 24. Rhe1 Ke7 25. b3 Nab6 26. b5 Nc8 27. Bb4+
Ke6 28. c4 f5 29. exf5+ gxf5 30. Rd2 Rh7 31. Kb2 h5 32. Red1 Rb6 33. Ka3 h4 34.
h3 e4 35. f4 e3 36. Re1 Nd6 37. Rxe3+ Ne4 38. Nc6 Kf6 39. Bc3+ Ke6 40. Ba5 Rxc6
41. bxc6 Bxc6 42. b4 Rg7 43. b5 Bb7 44. Bb4 Ne5 45. Rd4 Rxg2 46. fxe5 Rg3 47.
Rb3 f4 48. Be1 Kxe5 49. Rdd3 Nc5 50. Bxg3 hxg3 51. Rxg3 fxg3 52. Rxg3 Kd4 53.
Kb4 Nd3+ 54. Rxd3+ Kxd3 55. Kc5 1-0

[Event "Asian Zone 3.3"]
[Site "Tagaytay City PHI"]
[Date "2013.01.24"]
[Round "3.1"]
[White "So, W."]
[Black "Paragua, M."]
[Result "1-0"]
[WhiteElo "2682"]
[BlackElo "2519"]
[PlyCount "45"]
[EventDate "2013.01.22"]
[SourceDate "1999.07.01"]

1. e4 c5 2. Nf3 d6 3. d4 cxd4 4. Nxd4 Nf6 5. Nc3 a6 6. Bg5 e6 7. f4 Nbd7 8. Qf3
Qc7 9. O-O-O b5 10. Bd3 Bb7 11. Rhe1 Qb6 12. Nd5 exd5 13. Nc6 Bxc6 14. exd5+
Be7 15. dxc6 Nc5 16. Bxf6 gxf6 17. Bf5 Rd8 18. b4 Na4 19. Qe4 Qc7 20. Bd7+ Rxd7
21. cxd7+ Qxd7 22. Qa8+ Qd8 23. Rxe7+ 1-0

[Event "13th ch-CRO 2013"]
[Site "Plitvicka Jezera CRO"]
[Date "2013.01.24"]
[Round "4.5"]
[White "Saric, Iv"]
[Black "Kozul, Z."]
[Result "1/2-1/2"]
[WhiteElo "2614"]
[BlackElo "2637"]
[PlyCount "71"]
[EventDate "2013.01.21"]
[SourceDate "1999.07.01"]

1. e4 c5 2. Nf3 d6 3. d4 cxd4 4. Nxd4 Nf6 5. Nc3 a6 6. Be3 e5 7. Nb3 Be6 8. h3
Nbd7 9. g4 h6 10. Qd2 Be7 11. O-O-O b5 12. f4 O-O 13. Kb1 b4 14. Nd5 Nxe4 15.
Nxe7+ Qxe7 16. Qxb4 exf4 17. Bxf4 Bxb3 18. axb3 Rfe8 19. Bg2 Ndf6 20. Bxd6 Qe6
21. Rhe1 Rac8 22. c4 a5 23. Qxa5 Ra8 24. Qf5 Nc3+ 25. bxc3 Qxe1 26. Rxe1 Rxe1+
27. Kc2 Ra2+ 28. Kd3 Rd1+ 29. Ke3 Rxg2 30. Qc8+ Kh7 31. Qf5+ Kg8 32. Bc5 Re1+
33. Kd3 Rd1+ 34. Ke3 Re1+ 35. Kd3 Rd1+ 36. Ke3 1/2-1/2

[Event "13th ch-CRO 2013"]
[Site "Plitvicka Jezera CRO"]
[Date "2013.01.28"]
[Round "8.4"]
[White "Brkic, A."]
[Black "Palac, M."]
[Result "1-0"]
[WhiteElo "2581"]
[BlackElo "2579"]
[PlyCount "63"]
[EventDate "2013.01.21"]
[SourceDate "1999.07.01"]

1. e4 c5 2. Nf3 d6 3. d4 cxd4 4. Nxd4 Nf6 5. Nc3 a6 6. g3 e6 7. Bg2 Be7 8. O-O
Qc7 9. f4 O-O 10. g4 Nc6 11. Nxc6 bxc6 12. g5 Nd7 13. f5 Re8 14. f6 Bf8 15.
fxg7 Bxg7 16. Ne2 a5 17. Ng3 Ba6 18. Rf4 Be5 19. Nh5 Bxf4 20. Bxf4 e5 21. Be3
Bc4 22. Qf3 Be6 23. Rf1 d5 24. Qg3 Kh8 25. Nf6 Nxf6 26. Rxf6 Rac8 27. Rh6 f5
28. g6 f4 29. Bxf4 Bg8 30. Bg5 Rf8 31. Rh4 Rce8 32. Bh6 1-0

[Event "75th Tata Steel GpA"]
[Site "Wijk aan Zee NED"]
[Date "2013.01.20"]
[Round "8.6"]
[White "Harikrishna, P."]
[Black "Leko, P."]
[Result "1/2-1/2"]
[WhiteElo "2698"]
[BlackElo "2735"]
[PlyCount "60"]
[EventDate "2013.01.12"]
[SourceDate "1999.07.01"]

1. e4 c5 2. Nf3 d6 3. d4 cxd4 4. Nxd4 Nf6 5. Nc3 a6 6. Be3 e5 7. Nb3 Be6 8. h3
Be7 9. Qf3 O-O 10. O-O-O b5 11. g4 b4 12. Nd5 Nxd5 13. exd5 Bc8 14. Bd3 a5 15.
Nd2 Bg5 16. Bxg5 Qxg5 17. Qe4 f5 18. Qe3 Qf6 19. gxf5 Bxf5 20. Bxf5 Qxf5 21.
Ne4 Ra6 22. Rhg1 Nd7 23. Qe2 Rb6 24. Rg3 g6 25. Qe3 Qf4 26. Qxf4 Rxf4 27. Rg4
Rf5 28. Kd2 Nf6 29. Nxf6+ Rxf6 30. Ke2 Rb7 1/2-1/2

[Event "73rd ch-ARM 2013"]
[Site "Yerevan ARM"]
[Date "2013.01.19"]
[Round "7.1"]
[White "Hovhannisyan, R."]
[Black "Andriasian, Z."]
[Result "1-0"]
[WhiteElo "2615"]
[BlackElo "2598"]
[PlyCount "93"]
[EventDate "2013.01.12"]
[SourceDate "1999.07.01"]

1. e4 c5 2. Nf3 d6 3. d4 cxd4 4. Nxd4 Nf6 5. Nc3 a6 6. h3 e5 7. Nde2 h5 8. Bg5
Be6 9. Bxf6 Qxf6 10. Nd5 Qd8 11. Nec3 Nd7 12. Bc4 g6 13. O-O Rc8 14. Bb3 Bg7
15. Ne3 Nc5 16. Bxe6 fxe6 17. b4 Nd7 18. Qxd6 Qb6 19. Qxb6 Nxb6 20. Ncd1 Bh6
21. Nb2 Rf8 22. c4 Bxe3 23. fxe3 Rxf1+ 24. Rxf1 Nxc4 25. Rc1 b5 26. Nxc4 bxc4
27. Kf2 a5 28. bxa5 Rc5 29. a4 c3 30. a6 Kd7 31. Ke2 Rc6 32. a7 Ra6 33. Rf1 Ke7
34. Ra1 Rxa7 35. Kd3 Rc7 36. Kc2 Kd6 37. Ra3 Rf7 38. a5 Rf2+ 39. Kxc3 Kc7 40.
a6 Kb8 41. Ra5 Rxg2 42. Rxe5 Rg3 43. Kd4 Rxh3 44. Rxe6 Rg3 45. Re7 h4 46. e5
Rg4+ 47. e4 1-0

[Event "73rd ch-ARM 2013"]
[Site "Yerevan ARM"]
[Date "2013.01.19"]
[Round "7.3"]
[White "Ter Sahakyan, S."]
[Black "Kotanjian, T."]
[Result "1-0"]
[WhiteElo "2567"]
[BlackElo "2518"]
[PlyCount "81"]
[EventDate "2013.01.12"]
[SourceDate "1999.07.01"]

1. e4 c5 2. Nf3 d6 3. d4 cxd4 4. Nxd4 Nf6 5. Nc3 a6 6. h3 g6 7. g4 Bg7 8. Be3
O-O 9. Bg2 Nc6 10. Qd2 Bd7 11. O-O h5 12. g5 Ne8 13. f4 Nxd4 14. Bxd4 Bxd4+ 15.
Qxd4 Ng7 16. Nd5 Rc8 17. c4 b5 18. cxb5 Bxb5 19. Rfc1 Rxc1+ 20. Rxc1 e5 21. Qe3
exf4 22. Qxf4 Ne6 23. Qf6 Nxg5 24. h4 Ne6 25. Ne7+ Kh7 26. Rc8 Qxc8 27. Nxc8
Rxc8 28. Qxf7+ Ng7 29. Bh3 Rc1+ 30. Kh2 Rc2+ 31. Kg3 Bc4 32. Qc7 Bd3 33. Qb7
Re2 34. Bg2 Bb5 35. a4 Bc4 36. Qc6 Rc2 37. Bf3 Bb3 38. Qxa6 Rxb2 39. Qb7 Rb1
40. a5 Bc2 41. a6 1-0

[Event "Dvorkovich Mem 2013"]
[Site "Taganrog RUS"]
[Date "2013.01.15"]
[Round "3.1"]
[White "Geller, J."]
[Black "Khismatullin, D."]
[Result "0-1"]
[WhiteElo "2569"]
[BlackElo "2652"]
[PlyCount "80"]
[EventDate "2013.01.15"]
[SourceDate "1999.07.01"]

1. e4 c5 2. Nf3 d6 3. d4 cxd4 4. Nxd4 Nf6 5. Nc3 a6 6. Be3 e5 7. Nb3 Be6 8. f4
Be7 9. f5 Bd7 10. Be2 Bc6 11. Bf3 b5 12. a3 h5 13. Qe2 Nbd7 14. Rd1 Rc8 15. O-O
Qc7 16. Bf2 Nb6 17. Nc1 Nc4 18. Nd3 Bd7 19. Nb1 d5 20. exd5 Bxf5 21. b3 e4 22.
bxc4 exf3 23. gxf3 O-O 24. cxb5 axb5 25. Qe5 Qd7 26. Bg3 Rfe8 27. d6 Bd8 28.
Qd4 Rxc2 29. Rf2 Rc4 30. Qb2 Bxd3 31. Rxd3 Bb6 32. Nd2 Re1+ 33. Kg2 h4 34. Rf1
Re2+ 35. Bf2 h3+ 36. Kh1 Rxf2 37. Nxc4 Rxb2 38. Nxb2 Bc5 39. Rfd1 Qf5 40. R1d2
Qg5 0-1

[Event "Dvorkovich Mem 2013"]
[Site "Taganrog RUS"]
[Date "2013.01.21"]
[Round "7.2"]
[White "Onischuk, V."]
[Black "Khismatullin, D."]
[Result "1/2-1/2"]
[WhiteElo "2574"]
[BlackElo "2652"]
[PlyCount "93"]
[EventDate "2013.01.15"]
[SourceDate "1999.07.01"]

1. e4 c5 2. Nf3 d6 3. d4 cxd4 4. Nxd4 Nf6 5. Nc3 a6 6. Be2 e5 7. Nb3 Be7 8. Bg5
Be6 9. Bxf6 Bxf6 10. Qd3 O-O 11. Rd1 Be7 12. Nd5 Bxd5 13. Qxd5 Qc7 14. Bg4 Nc6
15. c3 Rfd8 16. a4 Rab8 17. Be2 Bg5 18. O-O g6 19. Nd2 Ne7 20. Qc4 Qd7 21. a5
b5 22. axb6 Rxb6 23. b4 Rc6 24. Qd3 Qc7 25. c4 Kg7 26. Nf3 Bf6 27. Qa3 Rb8 28.
b5 axb5 29. cxb5 Rcb6 30. g3 Nc8 31. Qe3 Na7 32. Rc1 Qd7 33. Nd2 Nxb5 34. Nc4
R6b7 35. Na5 Rc7 36. Rb1 Rcc8 37. Nc4 Nd4 38. Nb6 Rxb6 39. Rxb6 Rc3 40. Bd3 Bd8
41. Rbb1 Bg5 42. f4 Bf6 43. Kh1 Nb3 44. Qe2 exf4 45. gxf4 Qc6 46. Rbd1 Nd4 47.
Qe3 1/2-1/2

[Event "PSC Cup 2013"]
[Site "Manila PHI"]
[Date "2013.01.19"]
[Round "8.1"]
[White "Paragua, M."]
[Black "Gundavaa, B."]
[Result "1-0"]
[WhiteElo "2519"]
[BlackElo "2522"]
[PlyCount "147"]
[EventDate "2013.01.14"]
[SourceDate "1999.07.01"]

1. e4 c5 2. Nf3 d6 3. d4 cxd4 4. Nxd4 Nf6 5. Nc3 a6 6. Be3 e5 7. Nf3 Qc7 8. a4
Be7 9. a5 O-O 10. Be2 Nc6 11. Bb6 Qb8 12. Nd5 Nxe4 13. Nd2 Nxd2 14. Bc7 Qa7 15.
Qxd2 Bd8 16. Bxd6 Re8 17. Nc7 Bxc7 18. Bxc7 Qd4 19. c3 Qh4 20. O-O Re6 21. g3
Qh3 22. f4 Re8 23. fxe5 Bg4 24. Bc4 Be6 25. Bd3 Bb3 26. Bf5 Qh5 27. Qf4 Qe2 28.
Rf2 Qb5 29. Qh4 h6 30. Bd7 Rf8 31. Re1 Qd5 32. e6 Kh8 33. e7 Qxd7 34. exf8=Q+
Rxf8 35. Bf4 Kg8 36. Qh5 Re8 37. Rfe2 Rxe2 38. Qxe2 Kh7 39. Qe4+ f5 40. Qe3 Bd5
41. Qe8 Qxe8 42. Rxe8 g5 43. Bc7 Kg6 44. Kf2 Kf7 45. Re1 Bb3 46. h4 Kf6 47. Bb6
Kf7 48. h5 Bd5 49. Rd1 Ke6 50. Bd4 Bb3 51. Rd2 Kf7 52. Bc5 Ne5 53. Rd6 Be6 54.
b4 Ng4+ 55. Kg1 Nf6 56. Rb6 Bd5 57. Bd4 Nxh5 58. c4 Bxc4 59. Rxb7+ Ke6 60. Rb6+
Kd5 61. Bf2 Ng7 62. Rxh6 Ne6 63. Rf6 Ke5 64. Rf7 Ke4 65. Rb7 Kd5 66. Rb6 f4 67.
g4 Ke5 68. Bc5 Ke4 69. Kf2 Ke5 70. Be7 Bd3 71. Rb8 Bc4 72. Rg8 Bd3 73. Bxg5 Kd5
74. Bxf4 1-0

[Event "75th Tata Steel GpA"]
[Site "Wijk aan Zee NED"]
[Date "2013.01.12"]
[Round "1.6"]
[White "Leko, P."]
[Black "L'Ami, E."]
[Result "1/2-1/2"]
[WhiteElo "2735"]
[BlackElo "2627"]
[PlyCount "108"]
[EventDate "2013.01.12"]
[SourceDate "1999.07.01"]

1. e4 c5 2. Nf3 d6 3. d4 cxd4 4. Nxd4 Nf6 5. Nc3 a6 6. g3 e6 7. Bg2 Be7 8. O-O
O-O 9. a4 Nc6 10. Be3 Bd7 11. Qe2 Nxd4 12. Bxd4 Bc6 13. a5 Nd7 14. Rfd1 Re8 15.
Na4 Bf6 16. Bxf6 Qxf6 17. Rxd6 Qe5 18. Qd2 Nf6 19. Nc3 g5 20. Qd4 Ng4 21. Rd1
Rac8 22. h3 Qxd4 23. R6xd4 Ne5 24. f4 gxf4 25. gxf4 Ng6 26. e5 Bxg2 27. Kxg2
Rc5 28. Ra4 Kg7 29. Kf3 Re7 30. Rdd4 Rec7 31. Ke4 Ne7 32. Kd3 Nc6 33. Rdc4 Rd7+
34. Ke3 Rxc4 35. Rxc4 Nxa5 36. Rc5 Nc6 37. Ne4 Kg6 38. Nd6 Ne7 39. Ke4 Nf5 40.
Nxf5 exf5+ 41. Kf3 f6 42. b4 fxe5 43. fxe5 Rd4 44. b5 axb5 45. Rxb5 Re4 46.
Rb6+ Kg5 47. Rxb7 Rxe5 48. Rxh7 Rc5 49. Rg7+ Kf6 50. Rg2 Rc3+ 51. Kf4 Rxh3 52.
Rg8 Rc3 53. Rf8+ Ke7 54. Rxf5 Rxc2 1/2-1/2